=LDR 00000nam 2200000 4500 =001 NUTBA000000000005586 =005 20141104094304.0 =006 =007 =008 =020 ##$$a 979-25-4406-2 =035 ##$$a 0010-111400000000065 =040 ##$$a NBPDMAT =082 ##$$a 658.311 =090 ##$$a 658.311 $b Syl m =100 ##$$a Sylvia Saraswati =245 ##$$a Menguasai psikotes dalam sekejap / $c Sylvia Saraswati =250 ##$$a Cet.4 =260 ##$$a Malang : $b Karya Pustaka, $c 2013 =300 ##$$a 106 hlm. : $b ilus. ; $c 20 cm. =650 ##$$a Psikotes =850 ##$$a NBPDMAT